Statistics for Top 100 Most Popular Thrash Metal Albums on Rate Your Music

Click here to take the quiz!

General Stats

  • This quiz has been taken 10 times
  • The average score is 21 of 100

Answer Stats

No. of RatingsYear of ReleaseSub-GenreAlbum% Correct
29,4301983Thrash MetalKill 'Em All
100%
42,2501986Thrash MetalMaster of Puppets
100%
39,2961984Thrash MetalRide the Lightning
100%
29,3651988Thrash Metal...And Justice for All
86%
9,9461985Thrash MetalHell Awaits
71%
25,4371990Thrash MetalRust In Peace
71%
13,0731990Thrash MetalSeasons In the Abyss
71%
12,4021988Thrash MetalSouth of Heaven
71%
5,0681989Thrash MetalAgent Orange
57%
8,5521991Thrash MetalArise
57%
15,7951986Thrash MetalPeace Sells... But Who's Buying?
57%
6,4701986Thrash MetalPleasure to Kill
57%
25,0861986Thrash MetalReign In Blood
57%
10,4891983Thrash Metal / Speed MetalShow No Mercy
57%
8,6631987Thrash MetalAmong the Living
43%
6,0991985Thrash MetalBonded by Blood
43%
11,3511990Groove Metal / Thrash MetalCowboys From Hell
43%
14,1232008Thrash MetalDeath Magnetic
43%
5,7152001Thrash Metal / Groove MetalGod Hates Us All
43%
8,8771985Thrash Metal / Speed MetalKilling Is My Business... And Business Is Good!
43%
8,6771988Thrash MetalSo Far, So Good... So What!
43%
5,7671985Thrash MetalSpreading the Disease
43%
5,2821987Thrash MetalThe Legacy
43%
4,5141989Thrash Metal / Technical Thrash MetalAlice In Hell
29%
8,9531984Black Metal / Thrash MetalBathory
29%
7,3241993Groove Metal / Thrash MetalChaos A.D.
29%
3,7681990Thrash MetalComa of Souls
29%
2,3771985Thrash MetalFeel the Fire
29%
2,3442001Thrash MetalM-16
29%
3,7701990Thrash MetalPersistence of Time
29%
3,0931989Thrash MetalPractice What You Preach
29%
3,4212015Thrash MetalRepentless
29%
3,3281988Thrash MetalState of Euphoria
29%
4,4731988Thrash MetalThe New Order
29%
9,0561989Thrash MetalBeneath the Remains
14%
5,2232009Technical Thrash MetalBlack Future
14%
4,8182006Thrash MetalChrist Illusion
14%
4,2201986Thrash MetalDarkness Descends
14%
4,2311998Thrash Metal / Groove MetalDiabolus In Musica
14%
4,8531994Thrash MetalDivine Intervention
14%
2,9851985Thrash MetalEndless Pain
14%
3,6671989Thrash MetalExtreme Aggression
14%
2,6421989Thrash MetalFabulous Disaster
14%
3,6441984Speed Metal / Thrash MetalFistful of Metal
14%
2,5501991Thrash MetalHorrorscope
14%
3,7151987Thrash Metal / Avant-Garde MetalInto the Pandemonium
14%
5,8881984Thrash MetalMorbid Tales
14%
2,1591986Thrash MetalObsessed by Cruelty
14%
4,2691987Thrash MetalPersecution Mania
14%
4,7681987Thrash MetalSchizophrenia
14%
5,8941985Death Metal / Thrash MetalSeven Churches
14%
2,5191990Thrash MetalSouls of Black
14%
3,5121985Crossover ThrashSpeak English or Die
14%
2,2861987Thrash MetalTaking Over
14%
2,6192004Thrash MetalTempo of the Damned
14%
3,1171987Thrash MetalTerrible Certainty
14%
3,4741989Thrash MetalThe Years of Decay
14%
7,1951985Thrash MetalTo Mega Therion
14%
4,1072009Thrash MetalWorld Painted Blood
14%
10,3321988Black Metal / Thrash MetalBlood Fire Death
0%
3,5161990Thrash MetalBy Inheritence
0%
4,8461988Progressive Metal / Technical Thrash Metal / Avant-Garde MetalDimension Hatröss
0%
4,1122016Thrash Metal / Heavy MetalDystopia
0%
4,6772009Thrash Metal / Heavy MetalEndgame
0%
2,5062005Thrash MetalEnemy of God
0%
3,0381992Thrash MetalEpidemic of Violence
0%
2,1541986Thrash MetalEternal Devastation
0%
2,4391988Thrash MetalEternal Violence
0%
2,1671988Thrash Metal / Technical Thrash MetalIllusions
0%
2,3571985Thrash MetalInfernal Overkill
0%
13,8742019Thrash Metal / Stoner MetalInfest the Rats' Nest
0%
3,8081987Black Metal / Thrash MetalI.N.R.I.
0%
3,9631987Technical Thrash Metal / Thrash Metal / Progressive MetalKilling Technology
0%
2,2381990Crossover Thrash / Thrash MetalLights Camera Revolution
0%
4,8771991Technical Thrash MetalMental Vortex
0%
3,8211986Thrash Metal / Death MetalMorbid Visions
0%
2,8521990Thrash Metal / Technical Thrash MetalNever, Neverland
0%
4,1732017Thrash MetalNightmare Logic
0%
2,2381991US Power Metal / Thrash Metal / Power MetalNight of the Stormrider
0%
3,9541989Technical Thrash MetalNo More Color
0%
4,3242011Technical Thrash MetalOuter Isolation
0%
11,3162023Progressive Metal / Thrash MetalPetroDragonic Apocalypse; or, Dawn of Eternal Night: An Annihilation of Planet Earth and the Beginning of Merciless Damnation
0%
3,2071988Technical Thrash MetalPunishment for Decadence
0%
2,2071987Crossover ThrashRetaliation
0%
2,2821987Technical Thrash Metal / Thrash MetalR.I.P.
0%
2,7222008Melodic Metalcore / Thrash MetalShogun
0%
3,8201990Thrash MetalSpectrum of Death
0%
6,8662016Technical Thrash MetalTerminal Redux
0%
3,2452011Heavy Metal / Thrash MetalTh1rt3en
0%
4,4202007Groove / Thrash MetalThe Blackening
0%
2,2512006Thrash Metal / Melodic MetalcoreThe Crusade
0%
2,2992008Thrash MetalThe Formation of Damnation
0%
3,1751999Thrash MetalThe Gathering
0%
4,9601985Black Metal / Thrash MetalThe Return....
0%
2,4142022Thrash MetalThe Sick, The Dying... and the Dead!
0%
2,7301987Thrash MetalThe Ultra-Violence
0%
3,1272005Progressive Metal / Thrash MetalThis Godless Endeavor
0%
3,4441996Crossover Thrash / Hardcore PunkUndisputed Attitude
0%
4,2052007Heavy Metal / Thrash MetalUnited Abominations
0%
2,4291984Thrash MetalWar and Pain
0%

Score Distribution

Percentile by Number Answered

Percent of People with Each Score

Your Score History

You have not taken this quiz